Standard Handbook for Electrical Engineers (Record no. 60796)

000 -LEADER
fixed length control field 00658nam a22002057a 4500
003 - CONTROL NUMBER IDENTIFIER
control field NUST-PNEC
005 - DATE AND TIME OF LATEST TRANSACTION
control field 20170116180707.0
008 - FIXED-LENGTH DATA ELEMENTS--GENERAL INFORMATION
fixed length control field 140929b xxu||||| |||| 00| 0 eng d
020 ## - INTERNATIONAL STANDARD BOOK NUMBER
International Standard Book Number 0070209758
040 ## - CATALOGING SOURCE
Transcribing agency PNEC
082 ## - DEWEY DECIMAL CLASSIFICATION NUMBER
Classification number 621.302 FIN
100 ## - MAIN ENTRY--PERSONAL NAME
9 (RLIN) 407
Personal name Fink Donald G.
245 ## - TITLE STATEMENT
Title Standard Handbook for Electrical Engineers
Statement of responsibility, etc. Donald G. Fink
250 ## - EDITION STATEMENT
Edition statement 12th ed.
260 ## - PUBLICATION, DISTRIBUTION, ETC.
Place of publication, distribution, etc. Singapore
Name of publisher, distributor, etc. McGraw Hill
Date of publication, distribution, etc. c.1987
300 ## - PHYSICAL DESCRIPTION
Extent xvi
Other physical details ill:
Dimensions 23 cm.
500 ## - GENERAL NOTE
General note http://www.amazon.com/Standard-Handbook-Electrical-Engineers-Donald/dp/0070209758/ref=sr_1_1?s=books&ie=UTF8&qid=1411970037&sr=1-1&keywords=0070209758
650 ## - SUBJECT ADDED ENTRY--TOPICAL TERM
General subdivision EE
942 ## - ADDED ENTRY ELEMENTS (KOHA)
Source of classification or shelving scheme
Koha item type Book
Holdings
Withdrawn status Lost status Source of classification or shelving scheme Damaged status Not for loan Permanent Location Current Location Shelving location Date acquired Source of acquisition Cost, normal purchase price Total Checkouts Full call number Barcode Date last seen Cost, replacement price Price effective from Koha item type
          Pakistan Navy Engineering College (PNEC) Pakistan Navy Engineering College (PNEC) Reference 09/29/2014 Pak Book Company 954.00   621.302 FIN PNECLIB-012070 09/29/2014 954.00 09/29/2014 Book
          Pakistan Navy Engineering College (PNEC) Pakistan Navy Engineering College (PNEC) Reference 04/02/1988 Royal Book Company 786.00   621.302 FIN PNECLIB-011366 10/11/2014 786.00 04/02/1988 Book
© 2023 Central Library, National University of Sciences and Technology. All Rights Reserved.